[Event "Stuttgarter Stadtmeisterschaft C"]
[Site "Ditzingen"]
[Date "2015.05.17"]
[Round "7.3"]
[White "Barna, Janos"]
[Black "Reuß, Tobias"]
[Result "1-0"]
[WhiteElo "1280"]
[BlackElo "1468"]
[PlyCount "104"]
[EventDate "2015.??.??"]
[WhiteTeam "SC Leinfelden"]
[BlackTeam "SV Besigheim"]

1. e4 e5 2. Nf3 Nf6 3. Nc3 Bb4 4. d3 Nc6 5. a3 Ba5 6. Be2 h6 7. Be3 d5 8. exd5
Bxc3+ 9. bxc3 Nxd5 10. Bd2 O-O 11. c4 Nde7 12. O-O Bg4 13. Bc3 Bxf3 14. Bxf3
Qd6 15. Be4 f5 16. Bf3 Ng6 17. g3 f4 18. Be4 Nce7 19. Qg4 Rab8 20. Bb4 c5 21.
Bc3 b6 22. a4 Rf6 23. Rfe1 Rbf8 24. f3 fxg3 25. Qxg3 Nf5 26. Qf2 Nf4 27. Qf1
Rg6+ 28. Kh1 Qe7 29. Bd5+ Kh8 30. Bxe5 Qh4 31. Bxf4 Qxf4 32. Qf2 Nh4 33. Rg1
Rxg1+ 34. Rxg1 g5 35. Rf1 Kg7 36. Be4 a5 37. d4 cxd4 38. Qxd4+ Qf6 39. Qd7+ Qf7
40. Qd4+ Qf6 41. Qf2 Qc3 42. Bd5 Nxf3 43. Qxb6 g4 44. Qf2 Rf6 45. Qg3 h5 46. h3
Qxc2 47. hxg4 hxg4 48. Bxf3 Qh7+ 49. Kg2 Qc2+ 50. Rf2 Qxc4 51. Bxg4 Rxf2+ 52.
Kxf2 Qxa4 1-0

[Event "Stuttgarter Stadtmeisterschaft C"]
[Site "Ditzingen"]
[Date "2015.05.17"]
[Round "7.4"]
[White "Afonso, Nils"]
[Black "Meißner, Mogens"]
[Result "1/2-1/2"]
[WhiteElo "1437"]
[BlackElo "1313"]
[PlyCount "54"]
[EventDate "2015.??.??"]
[WhiteTeam "SF Kornwestheim"]
[BlackTeam "SK Bietigheim-Bissingen"]

1. d4 d5 2. c4 e6 3. Nc3 Nf6 4. Bg5 c6 5. e3 Nbd7 6. Bd3 Be7 7. Qc2 h6 8. Bh4
b6 9. b3 Bb7 10. Nge2 Qc7 11. Bg3 Bd6 12. e4 Bxg3 13. Nxg3 c5 14. exd5 exd5 15.
dxc5 Nxc5 16. cxd5 Nxd5 17. Bb5+ Nd7 18. Rc1 a6 19. Bd3 Qe5+ 20. Qe2 Qxe2+ 21.
Ngxe2 O-O 22. O-O Nxc3 23. Rxc3 Ne5 24. Bf5 g6 25. Bh3 Rfe8 26. Ng3 Rad8 27.
Rc7 Bc6 1/2-1/2

[Event "Stuttgarter Stadtmeisterschaft C"]
[Site "Ditzingen"]
[Date "2015.05.17"]
[Round "7.5"]
[White "Günther, Niclas"]
[Black "Kermer, Jan"]
[Result "0-1"]
[WhiteElo "996"]
[BlackElo "1321"]
[PlyCount "142"]
[EventDate "2015.??.??"]
[WhiteTeam "SF Freiberg"]
[BlackTeam "SV Dettingen Erms"]

1. e4 c6 2. d4 d5 3. e5 c5 4. Nf3 Bg4 5. Be3 e6 6. dxc5 Qa5+ 7. Nc3 Bxc5 8.
Bxc5 Qxc5 9. Qd4 Qxd4 10. Nxd4 a6 11. f3 Bh5 12. g4 Bg6 13. f4 Ne7 14. Bh3 Nbc6
15. Nce2 Be4 16. Rg1 Ng6 17. O-O-O Nxd4 18. Nxd4 Nxf4 19. Bf1 Rc8 20. c3 Ng6
21. Bd3 Bxd3 22. Rxd3 Nxe5 23. Re3 Nd7 24. Nf5 O-O 25. Ne7+ Kh8 26. Nxc8 Rxc8
27. Rf1 Kg8 28. h4 Rc4 29. Rg1 b5 30. b3 Rc7 31. Kb2 Nb6 32. g5 Rc4 33. h5 Rh4
34. h6 gxh6 35. gxh6+ Kf8 36. Reg3 Rxh6 37. Rg8+ Ke7 38. Ra8 Nxa8 39. Rg8 Nc7
40. Rb8 f5 41. Rg8 f4 42. Rg1 f3 43. Kc1 Rh2 44. Rf1 f2 45. Kd1 e5 46. Ke2 Kf6
47. Kf3 Rh4 48. Kg2 Rf4 49. Rxf2 Rxf2+ 50. Kxf2 Kf5 51. Ke3 Kg4 52. Kd3 h5 53.
Ke3 Kg3 54. Ke2 Kg2 55. Kd3 h4 56. c4 bxc4+ 57. bxc4 dxc4+ 58. Kxc4 h3 59. Kc5
h2 60. Kc6 e4 61. Kxc7 h1=R 62. Kb6 Ra1 63. Kxa6 Rxa2+ 64. Kb5 Rc2 65. Kb4 e3
66. Kb3 Rc8 67. Kb2 e2 68. Kb3 e1=R 69. Kb2 Re7 70. Kb3 Rb7+ 71. Ka4 Ra8# 0-1

[Event "Stuttgarter Stadtmeisterschaft C"]
[Site "Ditzingen"]
[Date "2015.05.17"]
[Round "7.6"]
[White "Stecher, Oliver"]
[Black "Winterkorn, Nikolaus"]
[Result "0-1"]
[WhiteElo "1153"]
[BlackElo "1414"]
[PlyCount "84"]
[EventDate "2015.??.??"]
[WhiteTeam "SSV Zuffenhausen"]
[BlackTeam "DJK Sportbund Stgt."]

1. e4 d6 2. Nc3 Nf6 3. Nf3 Bg4 4. d4 Nbd7 5. e5 dxe5 6. dxe5 Ng8 7. Be2 e6 8.
Ng5 Bxe2 9. Qxe2 Bb4 10. Qf3 Bxc3+ 11. bxc3 Nxe5 12. Qxb7 h6 13. Qb5+ Nd7 14.
Ne4 Rb8 15. Qa4 Ngf6 16. Ba3 Nxe4 17. Qxe4 c5 18. Rd1 Qa5 19. Qd3 Rb7 20. Bc1
O-O 21. Qf3 Qa6 22. g4 Nf6 23. Rg1 e5 24. g5 hxg5 25. Bxg5 Nh7 26. Bh6 f6 27.
Qd5+ Kh8 28. Be3 c4 29. Ke2 Rfb8 30. Rg3 Qxa2 31. Rd2 Qa4 32. Rh3 Qe8 33. Qe4
g6 34. Qh4 Qe6 35. Rf3 Rf8 36. Rd1 Rbf7 37. Bh6 Rg8 38. Rg1 g5 39. Qg3 Rg6 40.
h4 g4 41. h5 gxf3+ 42. Qxf3 Rxh6 0-1

[Event "Stuttgarter Stadtmeisterschaft C"]
[Site "Ditzingen"]
[Date "2015.05.17"]
[Round "7.8"]
[White "Jelisavac, Nenad"]
[Black "Richter, Gerrit"]
[Result "1-0"]
[WhiteElo "1336"]
[BlackElo "1104"]
[PlyCount "51"]
[EventDate "2015.??.??"]
[WhiteTeam "Matt Inn"]
[BlackTeam "TSV/RSK Esslingen"]

1. d4 d5 2. c4 e6 3. Nf3 Nf6 4. e3 Nc6 5. Be2 b6 6. O-O Ba6 7. Qa4 Bb7 8. Ne5
Bc8 9. Qxc6+ Bd7 10. Nxd7 Nxd7 11. cxd5 exd5 12. Nc3 Bd6 13. Nb5 O-O 14. Nxd6
cxd6 15. Qxd6 Rc8 16. Qxd5 Nf6 17. Qxd8 Rfxd8 18. Bd3 Nd5 19. Bd2 a5 20. Rac1
Rb8 21. a3 b5 22. Rc5 f6 23. Bxa5 Ra8 24. Bxd8 Rxd8 25. Bxb5 Kf8 26. Re1 1-0

[Event "Stuttgarter Stadtmeisterschaft C"]
[Site "Ditzingen"]
[Date "2015.05.17"]
[Round "7.9"]
[White "Hilger, Herbert"]
[Black "Eid, Sami"]
[Result "1-0"]
[WhiteElo "1230"]
[BlackElo "920"]
[PlyCount "53"]
[EventDate "2015.??.??"]
[WhiteTeam "SV Stuttgart-Wolfbusch"]
[BlackTeam "SF Freiberg"]

1. e4 e5 2. Nf3 Nc6 3. Bb5 d6 4. O-O Nf6 5. Re1 Bd7 6. c3 a6 7. Ba4 b5 8. Bb3
Bg4 9. h3 Bh5 10. d3 d5 11. exd5 Nxd5 12. Bg5 Nf6 13. Bc2 Be7 14. Nbd2 O-O 15.
Qb1 Bxf3 16. Nxf3 Bd6 17. Qd1 Rb8 18. d4 exd4 19. Nxd4 Nxd4 20. Qxd4 b4 21. Qd3
g6 22. Qf3 Kg7 23. Rad1 h6 24. Bf4 Rb6 25. Be5 Re8 26. c4 Rc6 27. Ba4 1-0

[Event "Stuttgarter Stadtmeisterschaft C"]
[Site "Ditzingen"]
[Date "2015.05.17"]
[Round "7.10"]
[White "Milarch, Harald"]
[Black "Bauersfeld, Jasmin"]
[Result "0-1"]
[WhiteElo "1269"]
[BlackElo "1206"]
[PlyCount "72"]
[EventDate "2015.??.??"]
[WhiteTeam "SC Botnang"]
[BlackTeam "SC WeiÃŸe Dame Ulm"]

1. e4 d6 2. d4 Nf6 3. Nc3 g6 4. e5 dxe5 5. dxe5 Qxd1+ 6. Nxd1 Ng4 7. Be2 Nxe5
8. Nf3 Nbd7 9. Bf4 Bg7 10. O-O O-O 11. Re1 c6 12. Bd3 Nxf3+ 13. gxf3 e5 14. Bg3
Re8 15. c3 Nc5 16. Bc4 b5 17. Bf1 f5 18. Bg2 f4 19. Bxf4 Nd3 20. Re4 Nxf4 21.
Ne3 Nxg2 22. Kxg2 Bf5 23. Nxf5 gxf5 24. Re3 Kf7 25. Rd1 Rad8 26. Red3 Rxd3 27.
Rxd3 Ke6 28. Kg3 Bh6 29. b3 Rg8+ 30. Kh3 c5 31. a4 b4 32. cxb4 cxb4 33. Rd1 Rc8
34. Rd3 Bg5 35. Kg2 Rc3 36. Rd8 Bxd8 0-1

[Event "Stuttgarter Stadtmeisterschaft C"]
[Site "Ditzingen"]
[Date "2015.05.17"]
[Round "7.11"]
[White "Dimitrov, Leon"]
[Black "Hrsak, Marco"]
[Result "0-1"]
[WhiteElo "804"]
[BlackElo "1256"]
[PlyCount "56"]
[EventDate "2015.??.??"]
[WhiteTeam "SF Freiberg"]
[BlackTeam "SC Kirchheim/Teck"]

1. e4 c6 2. d4 d5 3. Nc3 dxe4 4. Nxe4 Bf5 5. Nc3 e6 6. Nf3 Nf6 7. Bf4 c5 8. Bc4
Nd5 9. Qd2 Nxf4 10. Qxf4 Bxc2 11. Rc1 Bf5 12. O-O Bd6 13. Bb5+ Nc6 14. Qe3 Qc7
15. Qg5 O-O 16. Rcd1 Nxd4 17. Qh4 Rad8 18. Nxd4 cxd4 19. Rxd4 Bxh2+ 20. Qxh2
Qxh2+ 21. Kxh2 Rxd4 22. Rd1 Rxd1 23. Nxd1 Rd8 24. Ne3 Rd2 25. f3 Rxb2 26. Nxf5
Rxb5 27. Ne7+ Kf8 28. a4 Rc5 0-1

[Event "Stuttgarter Stadtmeisterschaft C"]
[Site "Ditzingen"]
[Date "2015.05.17"]
[Round "7.14"]
[White "Friedl, Bastian"]
[Black "Hauger, Albrecht"]
[Result "1/2-1/2"]
[WhiteElo "1055"]
[BlackElo "1452"]
[PlyCount "50"]
[EventDate "2015.??.??"]
[WhiteTeam "SF Freiberg"]
[BlackTeam "SC Magstadt"]

1. e4 c5 2. Bc4 e6 3. Qe2 d6 4. Nc3 Be7 5. d3 Nc6 6. Be3 a6 7. a4 Nf6 8. Qf3
Ne5 9. Qf4 Qb6 10. b3 Qb4 11. Nge2 Qa5 12. O-O Bd7 13. Bd2 Qc7 14. Qg3 Ng6 15.
f3 Nh5 16. Qf2 Qd8 17. g3 e5 18. Nd5 Nf6 19. f4 exf4 20. Nexf4 Ne5 21. Nxf6+
Bxf6 22. Nd5 Bh3 23. Rfe1 O-O 24. Nf4 Nxc4 25. bxc4 Bxa1 1/2-1/2

[Event "Stuttgarter Stadtmeisterschaft C"]
[Site "Ditzingen"]
[Date "2015.05.17"]
[Round "7.15"]
[White "Fechner, Andreas"]
[Black "Überreiter, Daniel"]
[Result "0-1"]
[WhiteElo "977"]
[BlackElo "1459"]
[PlyCount "54"]
[EventDate "2015.??.??"]
[WhiteTeam "SC Magstadt"]
[BlackTeam "SC WeiÃŸe Dame Ulm"]

1. d4 d5 2. c4 e6 3. Nc3 Bb4 4. Bd2 Nc6 5. Nf3 Nf6 6. e3 O-O 7. Bd3 Re8 8. O-O
e5 9. dxe5 Nxe5 10. Nxe5 Rxe5 11. a3 Be7 12. Re1 Be6 13. b3 dxc4 14. Bxc4 Bxc4
15. bxc4 Qd6 16. Bc1 Qe6 17. Qb3 b6 18. Rd1 Rg5 19. e4 Rg6 20. f3 Qh3 21. Ra2
Bd6 22. Kf1 Qxh2 23. Nb5 Qh1+ 24. Ke2 Rxg2+ 25. Kd3 Qh3 26. Rxg2 Qxf3+ 27. Kc2
Qxg2+ 0-1

[Event "Stuttgarter Stadtmeisterschaft C"]
[Site "Ditzingen"]
[Date "2015.05.17"]
[Round "7.16"]
[White "Hammann, Peter"]
[Black "Reichardt, Felix  Alexander"]
[Result "1-0"]
[WhiteElo "989"]
[BlackElo "1482"]
[PlyCount "139"]
[EventDate "2015.??.??"]
[WhiteTeam "Rochade Metzingen"]
[BlackTeam "SF MarkgrÃ¤flerland"]

1. c4 e6 2. Nc3 c5 3. g3 Nf6 4. Bg2 d5 5. cxd5 Nxd5 6. Nxd5 exd5 7. d4 Nc6 8.
dxc5 Bxc5 9. Qxd5 Qxd5 10. Bxd5 Nd4 11. Be4 O-O 12. e3 Re8 13. Bd3 b6 14. f3
Bb7 15. e4 f5 16. Be3 fxe4 17. Bxd4 Bxd4 18. Bc4+ Kf8 19. O-O-O Be3+ 20. Kb1
exf3 21. Nh3 f2 22. Rhf1 Bg2 23. Rxf2+ Bxf2 24. Nxf2 Be4+ 25. Ka1 Rad8 26. Rf1
g6 27. Nxe4+ Kg7 28. Rf7+ Kh6 29. Nc3 Re1+ 30. Nb1 Rdd1 31. a3 Rxb1+ 32. Ka2
Ra1+ 33. Kb3 Rac1 34. Rxa7 Re3+ 35. Kb4 Rc2 36. b3 Rxh2 37. Kb5 Rxg3 38. Kxb6
Rf3 39. Bg8 Rf6+ 40. Kc5 Rc2+ 41. Kd5 g5 42. Rxh7+ Kg6 43. Rh1 g4 44. Bh7+ Kg5
45. Bxc2 Ra6 46. a4 Ra5+ 47. Kd4 Kf4 48. Rg1 g3 49. Be4 Re5 50. Bc6 Re6 51. Bd5
Re5 52. a5 Re2 53. b4 Rb2 54. Kc3 Re2 55. b5 Re7 56. a6 Ra7 57. Kc4 Kg4 58. Kc5
Kh3 59. Kb6 Kh2 60. Kxa7 Kxg1 61. Kb7 g2 62. Bxg2 Kxg2 63. a7 Kh1 64. a8=Q Kh2
65. Qg8 Kh1 66. Kc6 Kh2 67. Kd5 Kh1 68. Ke4 Kh2 69. Kf3 Kh1 70. Qg2# 1-0

[Event "Stuttgarter Stadtmeisterschaft C"]
[Site "Ditzingen"]
[Date "2015.05.17"]
[Round "7.17"]
[White "Petersen, Bjarne"]
[Black "Richter, Michael"]
[Result "1-0"]
[WhiteElo "1310"]
[BlackElo "983"]
[PlyCount "69"]
[EventDate "2015.??.??"]
[WhiteTeam "TSV/RSK Esslingen"]
[BlackTeam "TSV/RSK Esslingen"]

1. d4 d5 2. c4 e6 3. a3 Nf6 4. Nc3 Bd7 5. Bf4 Nc6 6. Nb5 Rc8 7. Nf3 a6 8. Nc3
Ra8 9. e3 Bd6 10. Bxd6 cxd6 11. cxd5 Nxd5 12. Nxd5 Qa5+ 13. Nc3 O-O 14. Bd3 Ne7
15. O-O Qh5 16. Nd2 Qg5 17. Nce4 Qg6 18. Qe2 Bc6 19. f3 Nf5 20. Nxd6 Qg5 21.
Nxf5 exf5 22. Nc4 Rae8 23. Rae1 Re6 24. Na5 Rb8 25. Nxc6 bxc6 26. Bxa6 c5 27.
dxc5 Rxa6 28. Qxa6 Qe7 29. Qd6 Qb7 30. c6 Qc8 31. c7 Ra8 32. Rd1 -- {
es folgte 32...Kf8} 33. Qd8+ Qxd8 34. Rxd8+ Rxd8 35. cxd8=Q# 1-0

[Event "Stuttgarter Stadtmeisterschaft C"]
[Site "Ditzingen"]
[Date "2015.05.17"]
[Round "7.18"]
[White "Kloos, Robin"]
[Black "Reichmann, Bernd"]
[Result "1-0"]
[WhiteElo "986"]
[BlackElo "1140"]
[PlyCount "43"]
[EventDate "2015.??.??"]
[WhiteTeam "Schach-Kids Bernhausen"]
[BlackTeam "SV Fellbach"]

1. e4 e5 2. Nf3 Nc6 3. Bb5 d6 4. O-O Bd7 5. c3 Nf6 6. Re1 g6 7. d4 Be7 8. Bh6
Bf8 9. Bxf8 Kxf8 10. Nbd2 Kg7 11. Nf1 a6 12. Ba4 Re8 13. Ng3 Bg4 14. h3 Bxf3
15. Qxf3 Re7 16. d5 Na7 17. h4 b5 18. Bc2 Re8 19. h5 Qc8 20. h6+ Kxh6 21. Qxf6
Qd7 22. Nf5+ 1-0

[Event "Stuttgarter Stadtmeisterschaft C"]
[Site "Ditzingen"]
[Date "2015.05.17"]
[Round "7.19"]
[White "Kiroglu, Cihan"]
[Black "Aydin, Sami"]
[Result "0-1"]
[WhiteElo "941"]
[BlackElo "1064"]
[PlyCount "108"]
[EventDate "2015.??.??"]
[WhiteTeam "SG Schramberg-Lauterbach"]
[BlackTeam "SF Freiberg"]

1. e4 e5 2. Nf3 Nc6 3. d3 Nf6 4. c4 Bc5 5. h3 d6 6. a3 O-O 7. g4 Bxg4 8. hxg4
Nxg4 9. Nd4 Bxd4 10. Qxg4 Qf6 11. Qg3 Bb6 12. Qh2 h6 13. Nc3 Nd4 14. Qg2 Nc2+
15. Ke2 Nxa1 16. Bxh6 Qxf2+ 17. Qxf2 Bxf2 18. Kxf2 gxh6 19. Rxh6 Kg7 20. Rh1
Rh8 21. Rg1+ Kf8 22. Nd5 Rc8 23. Nf6 Rh2+ 24. Kf3 Ke7 25. Nd5+ Ke6 26. Be2 Nb3
27. Ke3 Nd4 28. Bg4+ f5 29. exf5+ Nxf5+ 30. Bxf5+ Kxf5 31. Ne7+ Kf6 32. Nxc8
Rxb2 33. Nxa7 Rb3 34. Ra1 Kf5 35. a4 e4 36. Rf1+ Ke5 37. Rd1 c6 38. Nc8 d5 39.
cxd5 cxd5 40. Ne7 d4+ 41. Ke2 e3 42. Ng6+ Kf5 43. Nh4+ Kf4 44. Ng2+ Kg3 45.
Nxe3 Rb2+ 46. Ke1 dxe3 47. d4 Kf3 48. Rd3 Rb1+ 49. Rd1 Rxd1+ 50. Kxd1 Ke4 51.
d5 Kxd5 52. Ke2 Kd4 53. a5 Ke4 54. Kd1 Kd3 0-1

[Event "Stuttgarter Stadtmeisterschaft C"]
[Site "Ditzingen"]
[Date "2015.05.17"]
[Round "7.21"]
[White "Hdya, Mohammad"]
[Black "Depping, Erwin"]
[Result "1/2-1/2"]
[WhiteElo "885"]
[BlackElo "796"]
[PlyCount "43"]
[EventDate "2015.??.??"]
[WhiteTeam "SF Freiberg"]
[BlackTeam "SG SchwÃ¤bisch GmÃ¼nd"]

1. e4 e5 2. Nf3 Nc6 3. Bb5 Nf6 4. Nc3 Bc5 5. Nxe5 Nxe5 6. d4 Bxd4 7. Qxd4 Qe7
8. Bf4 c5 9. Qe3 O-O 10. Nd5 Qd6 11. O-O-O b6 12. Nxf6+ Qxf6 13. Rd5 d6 14. Bc6
Nxc6 15. Rxd6 Be6 16. Rxc6 Rac8 17. Rd6 Rfd8 18. Qg3 Rxd6 19. Bxd6 a5 20. Be5
Qh6+ 21. f4 g6 22. Rd1 1/2-1/2

[Event "Stuttgarter Stadtmeisterschaft C"]
[Site "Ditzingen"]
[Date "2015.05.17"]
[Round "7.23"]
[White "Dietrich, Malte"]
[Black "Herbst, Karin"]
[Result "1-0"]
[WhiteElo "1165"]
[BlackElo "1350"]
[PlyCount "140"]
[EventDate "2015.??.??"]
[WhiteTeam "Rochade Metzingen"]
[BlackTeam "SG Fasanenhof"]

1. d4 c6 2. e4 d5 3. e5 Bf5 4. Bd3 Bxd3 5. Qxd3 e6 6. a3 Nd7 7. Ne2 Ne7 8. O-O
Ng6 9. g3 c5 10. c3 Be7 11. Nf4 Nxf4 12. Bxf4 O-O 13. Nd2 Rc8 14. h4 c4 15. Qf3
f6 16. Qh5 Rf7 17. Qg4 f5 18. Qe2 Nf8 19. Kg2 Ng6 20. Qe3 Nh8 21. Bg5 h6 22.
Bxe7 Qxe7 23. f4 Qe8 24. h5 Re7 25. Rh1 Qb5 26. Rhb1 Qa4 27. Nf3 Nf7 28. Qd2
Qe8 29. Rh1 Nd8 30. Nh4 Qxh5 31. Nf3 Qe8 32. Rh4 Nf7 33. Rah1 Rec7 34. g4 fxg4
35. Rxg4 Qe7 36. Nh4 Qe8 37. Nf3 Kf8 38. Qc2 Nd8 39. Qh7 Qf7 40. Nh4 Qg8 41.
Ng6+ Kf7 42. Nh8+ Kf8 43. Ng6+ Kf7 44. Rxh6 Qxh7 45. Rxh7 Nc6 46. Kh3 Rg8 47.
Kh4 Ke8 48. Rg5 Rf7 49. Kg4 Ne7 50. Nxe7 Kxe7 51. f5 exf5+ 52. Rxf5 Rxf5 53.
Kxf5 Rf8+ 54. Kg6 Rf7 55. Rxg7 Rxg7+ 56. Kxg7 b6 57. Kg6 Ke6 58. Kg5 a6 59. Kf4
b5 60. Kg5 a5 61. Kf4 Kf7 62. Kf5 Ke7 63. e6 a4 64. Ke5 Ke8 65. Kxd5 Ke7 66.
Ke5 Kd8 67. d5 Ke7 68. d6+ Ke8 69. Kf6 Kd8 70. Kf7 Kc8 1-0